000 01143nam a2200301 4500
001 0000018297
003 CO-CtgCURN
005 20250331185211.0
007 ta
008 160627s2001 000 0 eng d
020 _a8479036230
040 _aCO-CtgCURN
_bspa
_ccoctgcurn
082 0 _a616.075
_bO74
100 1 _aOrganizacion Mundial de la Salud.
245 1 0 _aOMS manual de laboratorio para el examen del semen humano y de la interacción entre el semen y el moco cervical /
_cOMS , traducción Jorge A. Blaquier, Catalina Mercedes Blaquier.
250 _a4a. Ed.
260 _aMadrid :
_bEditorial Medica Panamericana,
_c2001.
300 _ax, 152 p.
336 _2rdacontent
337 _2rdamedia
_asin mediacion
_bn
338 _2rdacarrier
_avolumen
_bnc
500 _aIncluye bibliografia e indice \ Titulo original. Laboratory manual for the examination of human semen and sperm-cervical mucus interaction.
650 1 4 _aSemen
_xAnálisis.
650 1 4 _aMoco cervical
_xAnálisis.
908 _a160627
942 _cBK
_h616.075
_iO74
_2ddc
999 _c22683
_d22683